[Event "VK2 1996/97"]
[Site "masterchessopen.com NRW (Germany)"]
[Round "0"]
[White "Kordonowski Frank (GER)"]
[Black "Gregoritsch Dirk (GER)"]
[Result "1-0"]
[WhiteElo "2034"]
[BlackElo "1960"]

1.e4 e5 2.Nf3 Nc6 3.Bb5 a6 4.Ba4 Nf6 5.O-O Be7 6.Re1 b5 7.Bb3 O-O 8.c3 d6 9.h3
Nb8 10.d4 Nbd7 11.Nbd2 Bb7 12.Bc2 Re8 13.Nf1 Bf8 14.Ng3 g6 15.a4 c5 16.d5 Qc7
17.Bg5 Bg7 18.Qd2 Nb6 19.b3 bxa4 20.bxa4 a5 21.Bh6 Bc8 22.Nh4 Qe7 23.Bxg7 Kxg7
24.Reb1 Rb8 25.Qg5 Kh8 26.Rb5 Bd7 27.Rxa5 Nc4 28.Ra7 Ra8 29.Nhf5 {#r} 1-0

[Event "It (open)"]
[Site "masterchessopen.com Passau (Germany)"]
[Round "0"]
[White "Bayer Bernhard (GER)"]
[Black "Meszaros Andras (HUN)"]
[Result "1-0"]
[WhiteElo "2434"]
[BlackElo "2355"]

1.e4 e5 2.Nf3 Nc6 3.Bb5 a6 4.Ba4 Nf6 5.O-O b5 6.Bb3 Be7 7.Re1 d6 8.c3 O-O 9.h3
Nb8 10.d4 Nbd7 11.Nbd2 Bb7 12.Bc2 c5 13.d5 Nb6 14.Nf1 h6 15.Ng3 Bc8 16.b3 a5
17.a4 bxa4 18.bxa4 Kh7 19.Rb1 g6 20.Bd3 c4 21.Bc2 Nfd7 22.Qd2 g5 23.Nf5 Re8
24.Ba3 Qc7 25.h4 f6 26.hxg5 hxg5 27.Nxg5+ fxg5 28.Bxd6 Bxd6 29.Qxg5 Nf8
30.Qh6+ Kg8 31.Qxd6 Nxd5 32.exd5 Ra7 33.Qxc7 Rxc7 34.Nd6 Ree7 35.Rb8 {#r} 1-0

[Event "It \"]
[Site "masterchessopen.com Philadelphia (USA)"]
[Round "0"]
[White "Sherzer Alex (USA)"]
[Black "Goldin Alexander (USA)"]
[Result "0-1"]
[WhiteElo "2490"]
[BlackElo "2570"]

1.e4 e5 2.Nf3 Nc6 3.Bb5 a6 4.Ba4 Nf6 5.O-O Be7 6.Re1 b5 7.Bb3 d6 8.c3 O-O 9.h3
Nb8 10.d4 Nbd7 11.Nbd2 Bb7 12.Bc2 Re8 13.Nf1 Bf8 14.Ng3 g6 15.b3 c6 16.Be3 a5
17.a4 Qc7 18.Qd2 bxa4 19.Rxa4 exd4 20.cxd4 c5 21.Bh6 cxd4 22.Rc4 Qb6 23.Rxd4
Bxh6 24.Qxh6 Ne5 25.Red1 Nxf3+ 26.gxf3 Re6 27.f4 Ne8 28.Qg5 Rc8 29.Bb1 Rc3
30.h4 Qxb3 31.h5 h6 32.Qh4 Rf6 33.e5 dxe5 34.Rd8 Rxf4 35.Qh2 Kg7 36.hxg6 Kf8
{#R} 0-1

[Event "It (open)"]
[Site "masterchessopen.com Tampere (Finland)"]
[Round "6"]
[White "Saastamoinen Aarne (FIN)"]
[Black "Sorsa Nuutti (FIN)"]
[Result "1-0"]
[WhiteElo "2164"]
[BlackElo "2214"]

1.e4 e5 2.Nf3 Nc6 3.Bb5 a6 4.Ba4 Nf6 5.O-O Be7 6.Re1 b5 7.Bb3 d6 8.c3 O-O 9.h3
Nb8 10.d4 Nbd7 11.Nbd2 Bb7 12.Bc2 Re8 13.b3 Bf8 14.d5 g6 15.Nf1 Nb6 16.Ne3 Bg7
17.Bd2 Nh5 18.g3 Rf8 19.Rc1 Bc8 20.Kh2 f5 21.exf5 gxf5 22.Nh4 Nf6 23.Nhxf5
Nbxd5 24.Nxd5 Nxd5 25.Nxg7 Kxg7 26.Qh5 Nf6 27.Qh6+ Kf7 28.Bg5 Rg8 29.f4 exf4
30.gxf4 d5 31.Bxh7 Rg7 32.Bxf6 Qxf6 33.Qh5+ Rg6 34.Bxg6+ Qxg6 35.Re7+ Kf6
36.Qh4+ {#r} 1-0

[Event "Ch France (open) (a)"]
[Site "masterchessopen.com Auxerre (France)"]
[Round "0"]
[White "Julian Stephane (FRA)"]
[Black "Nobili Denis (FRA)"]
[Result "1-0"]
[WhiteElo "2069"]
[BlackElo "1988"]

1.e4 e5 2.Nf3 Nc6 3.Bb5 a6 4.Ba4 Nf6 5.O-O Be7 6.Re1 b5 7.Bb3 d6 8.c3 O-O 9.h3
Nb8 10.d4 Nbd7 11.Nbd2 Re8 12.Bxf7+ Kxf7 13.Ng5+ Kg8 14.Ne6 Bb7 15.Nxd8 Raxd8
16.a4 exd4 17.cxd4 c5 18.axb5 axb5 19.Qb3+ Kh8 20.Qxb5 Rb8 21.Qd3 cxd4 22.Qxd4
Bf8 23.b4 d5 24.e5 Bd6 25.Nf3 Be7 26.exf6 Bxf6 27.Rxe8+ Rxe8 28.Qa7 {#r} 1-0

[Event "It (cat.10)"]
[Site "masterchessopen.com Ampuriabrava (Spain)"]
[Round "9"]
[White "Sion Castro Marcelino (ESP)"]
[Black "Giorgadze Giorgi (GEO)"]
[Result "0-1"]
[WhiteElo "2435"]
[BlackElo "2625"]

1.e4 e5 2.Nf3 Nc6 3.Bb5 a6 4.Ba4 Nf6 5.O-O Be7 6.Re1 b5 7.Bb3 O-O 8.c3 d6 9.h3
Nb8 10.d4 Nbd7 11.Nbd2 Bb7 12.Bc2 Re8 13.Nf1 Bf8 14.Ng3 g6 15.a4 c5 16.d5 c4
17.Bg5 h6 18.Be3 Nc5 19.Qd2 h5 20.Ra3 Nfd7 21.Rea1 Bg7 22.Bg5 Bf6 23.Bh6 Qe7
24.Qc1 bxa4 25.Bxa4 h4 26.Nf1 Nxe4 27.Bc6 Bxc6 28.dxc6 Ndc5 29.Ne3 Qe6 30.Qd1
Rec8 {#R} 0-1

[Event "It (cat.14)"]
[Site "masterchessopen.com Bad Homburg (Germany)"]
[Round "9"]
[White "Hracek Zbynek (CZE)"]
[Black "Gabriel Christian (GER)"]
[Result "1-0"]
[WhiteElo "2605"]
[BlackElo "2575"]

1.e4 e5 2.Nf3 Nc6 3.Bb5 a6 4.Ba4 Nf6 5.O-O Be7 6.Re1 b5 7.Bb3 d6 8.c3 O-O 9.h3
Nb8 10.d4 Nbd7 11.Nbd2 Bb7 12.Bc2 Re8 13.a4 Bf8 14.Bd3 c6 15.Nf1 g6 16.Ng3 Bg7
17.Bg5 Qc7 18.Qd2 d5 19.dxe5 Nxe5 20.Nxe5 Qxe5 21.Bf4 Qe6 22.e5 Nd7 23.Bh6 f6
24.Bxg7 {#r} 1-0

[Event "It (open) (b)"]
[Site "masterchessopen.com Bled (Slovenia)"]
[Round "1"]
[White "Riznar Helena (SLO)"]
[Black "Sebenik Matej (SLO)"]
[Result "0-1"]
[WhiteElo "2023"]
[BlackElo "2115"]

1.e4 e5 2.Nf3 Nc6 3.Bb5 a6 4.Ba4 Nf6 5.O-O Be7 6.Re1 b5 7.Bb3 d6 8.c3 O-O 9.h3
Nb8 10.d4 Nbd7 11.Nbd2 Bb7 12.Bc2 Re8 13.Nf1 Bf8 14.Ng3 g6 15.Nh2 Bg7 16.f4 h5
17.Nf3 exd4 18.f5 h4 19.Nxh4 Nxe4 20.Bxe4 Bxe4 21.Nxe4 Qxh4 22.Bg5 Qh5 23.f6
Qxd1 24.Raxd1 Bh8 25.Rxd4 Re6 26.Kf2 Rae8 27.g4 Nxf6 28.Nxf6+ Bxf6 29.Rxe6
Bxd4+ 30.Be3 Rxe6 31.cxd4 Kg7 32.g5 f5 33.Kf3 Re4 34.b4 Kf7 35.a3 Ke6 {#R} 0-1

[Event "It (open)"]
[Site "masterchessopen.com Kranj (Slovenia)"]
[Round "0"]
[White "Golja Milan (SLO)"]
[Black "Kovacic Peter (SLO)"]
[Result "0-1"]
[WhiteElo "1891"]
[BlackElo "2173"]

1.e4 e5 2.Nf3 Nc6 3.Bb5 a6 4.Ba4 Nf6 5.O-O Be7 6.Re1 b5 7.Bb3 d6 8.h3 O-O 9.c3
Nb8 10.d4 Nbd7 11.Nbd2 Bb7 12.Bc2 Re8 13.Nf1 d5 14.Ng3 exd4 15.exd5 dxc3
16.bxc3 Bxd5 17.Nf5 Bf8 18.Bg5 Rxe1+ 19.Nxe1 c6 20.Bb3 Qb6 21.Bxd5 Nxd5 22.Qg4
Ne5 23.Qg3 Ng6 24.h4 Qc5 25.c4 Ndf4 26.Nh6+ gxh6 27.Bxf4 Qd4 28.h5 Qxa1 29.Bd2
Qe5 30.hxg6 Qxg3 31.gxf7+ Kxf7 32.fxg3 Rd8 33.Nf3 Bg7 34.cxb5 axb5 35.Kf1 Ra8
36.Be3 Rxa2 37.Bd4 b4 {#R} 0-1

[Event "Ch Croatia (team) (1st league) (juniors)"]
[Site "masterchessopen.com Medulin (Croatia)"]
[Round "0"]
[White "Batarelo Zlatko (CRO)"]
[Black "Ladic Josip (CRO)"]
[Result "1-0"]
[WhiteElo "2125"]
[BlackElo "2191"]

1.e4 e5 2.Nf3 Nc6 3.Bb5 a6 4.Ba4 Nf6 5.O-O Be7 6.Re1 b5 7.Bb3 d6 8.c3 O-O 9.h3
Nb8 10.d4 Nbd7 11.Nbd2 Bb7 12.Bc2 Re8 13.Nf1 Bf8 14.Ng3 g6 15.Bd2 c5 16.d5 c4
17.b3 cxb3 18.axb3 Qc7 19.Nh2 h5 20.Nf3 Nb6 21.Qe2 Bc8 22.Bd3 Bd7 23.Rac1 Reb8
24.Nh4 a5 25.f4 exf4 26.Bxf4 Nbxd5 27.exd5 Nxd5 28.Bd2 Bg7 29.c4 bxc4 30.Bxc4
Qa7+ 31.Kh1 Bc6 32.Qd3 Be5 33.Bxd5 Bxd5 34.Qxd5 Bxg3 35.Re4 Re8 36.Bc3 Rac8
37.Nxg6 Qf2 38.Qxh5 {#r} 1-0

[Event "Memorial M.Chigorin"]
[Site "masterchessopen.com St. Petersburg (Russia)"]
[Round "5"]
[White "Yurtaev Leonid (KGZ)"]
[Black "Socko Bartosz (POL)"]
[Result "1-0"]
[WhiteElo "2520"]
[BlackElo "2435"]

1.e4 e5 2.Nf3 Nc6 3.Bb5 a6 4.Ba4 Nf6 5.O-O Be7 6.Re1 b5 7.Bb3 d6 8.c3 O-O 9.h3
Nb8 10.d4 Nbd7 11.Nbd2 Bb7 12.Bc2 Re8 13.Nf1 Bf8 14.Ng3 g6 15.Re2 Bg7 16.d5
Nb6 17.Bb3 a5 18.a4 bxa4 19.Bxa4 Nxa4 20.Qxa4 Nd7 21.Bg5 Qc8 22.Qc2 c6 23.dxc6
Qxc6 24.Rd1 Nc5 25.Qd2 Ba6 26.Ree1 f6 27.Bh6 Bxh6 28.Qxh6 Rab8 29.Nh4 Qc7
30.Nh5 Qf7 31.Rxd6 Re6 32.Rd5 Nd3 33.Re3 Qf8 34.Nf5 Qxh6 35.Nxh6+ Kh8 36.Rd7
Nc5 37.Rg7 {#r} 1-0

[Event "It (open)"]
[Site "masterchessopen.com Tunisia"]
[Round "0"]
[White "Bejaoui Anis (TUN)"]
[Black "Kaabi Mejdi (TUN)"]
[Result "0-1"]
[WhiteElo "2130"]
[BlackElo "2325"]

1.e4 e5 2.Nf3 Nc6 3.Bb5 a6 4.Ba4 Nf6 5.O-O Be7 6.Re1 b5 7.Bb3 d6 8.h3 O-O 9.c3
Nb8 10.d4 Nbd7 11.Nbd2 Bb7 12.a4 c5 13.d5 c4 14.Bc2 Re8 15.Nf1 Bf8 16.Ng3 g6
17.Be3 Bg7 18.Qd2 Nc5 19.axb5 axb5 20.Bh6 Bxh6 21.Qxh6 Qe7 22.Qg5 {#R} 0-1

[Event "It (open)"]
[Site "masterchessopen.com Bad Wiessee (Germany)"]
[Round "4"]
[White "Wawrinsky Ludwig (GER)"]
[Black "Meschke Andreas (GER)"]
[Result "0-1"]
[WhiteElo "1905"]
[BlackElo "2142"]

1.e4 e5 2.Nf3 Nc6 3.Bb5 a6 4.Ba4 Nf6 5.O-O Be7 6.Re1 b5 7.Bb3 d6 8.c3 O-O 9.h3
Nb8 10.d4 Nbd7 11.Nbd2 Bb7 12.Bc2 Re8 13.Nf1 Bf8 14.Ng3 g6 15.Nh2 c5 16.Bg5 h6
17.Bc1 cxd4 18.cxd4 exd4 19.Qxd4 Rc8 20.b3 Rxc2 21.Bb2 d5 22.Ng4 Rxb2 23.Qxb2
Nxg4 24.hxg4 Bg7 25.Qd2 Bxa1 26.Rxa1 Qg5 27.Qxg5 hxg5 28.Rd1 Nf6 {#R} 0-1

[Event "It (open)"]
[Site "masterchessopen.com Bad Woerishofen (Germany)"]
[Round "1"]
[White "Gypser Andreas Dr (GER)"]
[Black "Gabriel Christian (GER)"]
[Result "1-0"]
[WhiteElo "2165"]
[BlackElo "2555"]

1.e4 e5 2.Nf3 Nc6 3.Bb5 a6 4.Ba4 Nf6 5.O-O Be7 6.Re1 b5 7.Bb3 d6 8.c3 O-O 9.h3
Nb8 10.d4 Nbd7 11.Nbd2 Bb7 12.Bc2 Re8 13.Nf1 Bf8 14.Ng3 g6 15.a4 Bg7 16.d5 Nb6
17.axb5 axb5 18.Rxa8 Bxa8 19.Qe2 c6 20.dxc6 Bxc6 21.Bd3 Qd7 22.Be3 Na4 23.Rd1
Qb7 24.Ne1 d5 25.exd5 Nxd5 26.Rd2 f5 27.c4 Nf4 28.Qf1 Nxd3 29.Rxd3 f4 30.b3
bxc4 {#r} 1-0

[Event "It (open)"]
[Site "masterchessopen.com Bled (Slovenia)"]
[Round "4"]
[White "Delchev Aleksander (BUL)"]
[Black "Mazi Leon (SLO)"]
[Result "1-0"]
[WhiteElo "2575"]
[BlackElo "2415"]

1.e4 e5 2.Nf3 Nc6 3.Bb5 a6 4.Ba4 Nf6 5.O-O Be7 6.Re1 b5 7.Bb3 d6 8.c3 O-O 9.h3
Nb8 10.d4 Nbd7 11.Nbd2 Bb7 12.Bc2 c5 13.d5 c4 14.Nf1 Re8 15.Ng3 g6 16.a4 Bf8
17.Bg5 h6 18.Be3 Nc5 19.Qd2 h5 20.Bg5 Bg7 21.Nh4 Qd7 22.axb5 axb5 23.Rxa8 Rxa8
24.Nhf5 Nfxe4 25.Rxe4 gxf5 26.Rh4 f6 27.Nxf5 fxg5 28.Rxh5 Bf6 29.Rxg5+ Kf7
30.Nh6+ Ke7 31.Bf5 Qd8 {#r} 1-0

[Event "Zt (w)"]
[Site "masterchessopen.com Dresden (Germany)"]
[Round "4"]
[White "Puljek-Salai Zorica (CRO)"]
[Black "Janevska Aleksandra (MKD)"]
[Result "1-0"]
[WhiteElo "2235"]
[BlackElo "2011"]

1.e4 e5 2.Nf3 Nc6 3.Bb5 a6 4.Ba4 Nf6 5.O-O Be7 6.Re1 b5 7.Bb3 d6 8.c3 O-O 9.h3
Nb8 10.d4 Nbd7 11.Nbd2 Bb7 12.Bc2 Re8 13.Nf1 Bf8 14.Ng3 g6 15.dxe5 dxe5 16.Bg5
Qe7 17.Qc1 Nc5 18.Nh2 Ne6 19.Bh4 h6 20.Ng4 Ng5 21.Nxh6+ Bxh6 22.Bxg5 Bg7
23.Qe3 Red8 24.Rad1 c5 25.Rxd8+ Rxd8 26.f4 Qc7 27.f5 Rd7 28.Rf1 Qc6 29.Bh6 Nh7
30.fxg6 fxg6 31.h4 c4 32.h5 gxh5 33.Bxg7 Rxg7 34.Nf5 Rd7 35.Qg3+ Kh8 36.Qxe5+
Nf6 37.Nd4 {#r} 1-0

[Event "Ch Finland (team) 1997/98"]
[Site "masterchessopen.com Finland"]
[Round "6"]
[White "Maki Veijo (FIN)"]
[Black "Pulkkinen Kari (FIN)"]
[Result "1-0"]
[WhiteElo "2380"]
[BlackElo "2320"]

1.e4 e5 2.Nf3 Nc6 3.Bb5 a6 4.Ba4 Nf6 5.O-O Be7 6.Re1 b5 7.Bb3 d6 8.c3 O-O 9.h3
Nb8 10.d4 Nbd7 11.Nbd2 Bb7 12.Bc2 Re8 13.Nf1 Bf8 14.Ng3 g6 15.a4 c5 16.d5 c4
17.Bg5 h6 18.Be3 Nc5 19.Qd2 Kh7 20.Nh2 Nfd7 21.Rf1 Qc7 22.f4 exf4 23.Rxf4 Ne5
24.Rh4 h5 25.Nxh5 gxh5 26.Qe2 Bg7 27.Qxh5+ Kg8 28.Qh7+ Kf8 29.Rf1 Bc8 30.Bg5
Ncd3 31.Bxd3 cxd3 32.Nf3 Nxf3+ 33.Rxf3 f5 34.Bh6 Qa7+ 35.Kh2 Bxh6 36.Qxh6+ Qg7
37.Qxd6+ Kf7 38.Rg3 {#r} 1-0

[Event "Ch City"]
[Site "masterchessopen.com Korolev (Russia)"]
[Round "5"]
[White "Zudov Oleg (RUS)"]
[Black "Ivanenko Vitaly (RUS)"]
[Result "1-0"]
[WhiteElo "2356"]
[BlackElo "2289"]

1.e4 e5 2.Nf3 Nc6 3.Bb5 a6 4.Ba4 Nf6 5.O-O Be7 6.Re1 b5 7.Bb3 d6 8.c3 O-O 9.h3
Nb8 10.d4 Nbd7 11.Nbd2 Bb7 12.a4 h6 13.Bc2 Re8 14.Nf1 Bf8 15.Ng3 g6 16.Bd3 c6
17.Be3 d5 18.dxe5 Nxe4 19.Bxe4 dxe4 20.Nxe4 Nxe5 21.Nxe5 Rxe5 22.Qxd8 Rxd8
23.Bb6 Rdd5 24.Nf6+ Kg7 25.Nxd5 Rxd5 26.Bd4+ f6 27.Re6 c5 28.Bxf6+ Kf7 29.Rb6
bxa4 30.Rxb7+ Kxf6 31.Rxa4 Bd6 32.g3 {#r} 1-0

[Event "Ch Slovenia"]
[Site "masterchessopen.com Maribor (Slovenia)"]
[Round "6"]
[White "Podkriznik Gregor (SLO)"]
[Black "Mazi Leon (SLO)"]
[Result "1-0"]
[WhiteElo "2350"]
[BlackElo "2415"]

1.e4 e5 2.Nf3 Nc6 3.Bb5 a6 4.Ba4 Nf6 5.O-O Be7 6.Re1 b5 7.Bb3 d6 8.c3 O-O 9.h3
Nb8 10.d4 Nbd7 11.Nbd2 Bb7 12.Bc2 Re8 13.b3 Bf8 14.d5 c6 15.c4 bxc4 16.bxc4
cxd5 17.cxd5 Nc5 18.Nf1 g6 19.N3h2 Nfd7 20.Ng4 Qe7 21.Qf3 f6 22.h4 h5 23.Nge3
Qh7 24.Rb1 Be7 25.Nc4 Rac8 26.Nfe3 Ba8 27.Ba3 Qf7 28.Nb6 Nxb6 29.Rxb6 Rf8
30.Bxc5 Rxc5 31.Rxa6 Rb8 32.Ba4 Qf8 33.Bc6 Qc8 34.Ra7 Kf8 35.g4 Rc3 36.g5 Bxc6
37.dxc6 Rb2 38.Rxe7 {#r} 1-0

[Event "Ch Slovenia (w)"]
[Site "masterchessopen.com Maribor (Slovenia)"]
[Round "4"]
[White "Riznar Helena (SLO)"]
[Black "Krivec Jana (SLO)"]
[Result "0-1"]
[WhiteElo "2023"]
[BlackElo "2180"]

1.e4 e5 2.Nf3 Nc6 3.Bb5 a6 4.Ba4 Nf6 5.O-O Be7 6.Re1 b5 7.Bb3 d6 8.h3 O-O 9.c3
Nb8 10.d4 Nbd7 11.Nbd2 Bb7 12.Bc2 Re8 13.Nf1 Bf8 14.Ng3 g6 15.Nh2 h5 16.Bg5
Bg7 17.Nf3 c5 18.d5 Qc7 19.Qd2 Nh7 20.Bh6 c4 21.Bxg7 Kxg7 22.Nh4 Kh8 23.Qh6
Nf6 24.Rad1 Rg8 25.Nf3 g5 26.Nxg5 Rxg5 {#R} 0-1

[Event "Ch SVR (MTA)"]
[Site "masterchessopen.com Nickenich (Germany)"]
[Round "6"]
[White "Balcerak Philipp (GER)"]
[Black "Walter Berthold (GER)"]
[Result "0-1"]
[WhiteElo "2331"]
[BlackElo "2056"]

1.e4 e5 2.Nf3 Nc6 3.Bb5 a6 4.Ba4 Nf6 5.O-O Be7 6.Re1 b5 7.Bb3 d6 8.c3 O-O 9.h3
Nb8 10.d4 Nbd7 11.Nbd2 Bb7 12.a4 c5 13.d5 c4 14.Bc2 g6 15.Nf1 Nh5 16.Bh6 Re8
17.Qd2 Nc5 18.g4 Nf6 19.Ng3 Qd7 20.axb5 axb5 21.Rxa8 Rxa8 22.Nf5 Bd8 23.Kg2
Ne8 24.Rg1 Ra2 25.Bb1 Ra1 26.Ng3 Bc8 27.Qe3 Bb6 28.Qe2 Kh8 29.Bd2 Na4 30.Be3
Bxe3 31.Qxe3 f6 32.Qd2 Nc5 33.g5 {#R} 0-1

[Event "Ch NRW"]
[Site "masterchessopen.com Oberhausen (Germany)"]
[Round "2"]
[White "Glaeser Peter (GER)"]
[Black "Schmidt Alexander (GER)"]
[Result "0-1"]
[WhiteElo "2094"]
[BlackElo "2058"]

1.e4 e5 2.Nf3 Nc6 3.Bb5 a6 4.Ba4 Nf6 5.O-O b5 6.Bb3 Be7 7.Re1 O-O 8.c3 d6 9.h3
Nb8 10.d4 Nbd7 11.Nbd2 Bb7 12.Bc2 Re8 13.Nf1 Bf8 14.Ng3 g6 15.Nh2 c5 16.f3 Qc7
17.Be3 d5 18.Rc1 exd4 19.cxd4 Qxg3 {#R} 0-1

[Event "Ch Greece (team)"]
[Site "masterchessopen.com Poros (Greece)"]
[Round "3"]
[White "Kotronias Vasilios (GRE)"]
[Black "Nikolaidis Ioannis (GRE)"]
[Result "1-0"]
[WhiteElo "2555"]
[BlackElo "2530"]

1.e4 e5 2.Nf3 Nc6 3.Bb5 a6 4.Ba4 Nf6 5.O-O Be7 6.Re1 b5 7.Bb3 O-O 8.c3 d6 9.h3
Nb8 10.d4 Nbd7 11.Nbd2 Bb7 12.Bc2 c5 13.Nf1 Re8 14.Ng3 Bf8 15.a4 g6 16.d5 c4
17.Bg5 Be7 18.Be3 Qb8 19.Qd2 Bd8 20.Nh2 Bb6 21.Bxb6 Nxb6 22.f4 Nbd7 23.Rf1 Kg7
24.Rf2 Ng8 25.f5 Ndf6 26.Raf1 Rf8 27.Ng4 Qd8 28.Nxf6 Nxf6 29.fxg6 fxg6 30.Nh5+
Nxh5 31.Rxf8 Qxf8 32.Rxf8 Rxf8 33.Qe3 {#r} 1-0

[Event "Ch Slovakia"]
[Site "masterchessopen.com Prievidza (Slovakia)"]
[Round "3"]
[White "Manik Mikulas (SVK)"]
[Black "Korbela Lubomir (SVK)"]
[Result "1-0"]
[WhiteElo "2455"]
[BlackElo "2116"]

1.e4 e5 2.Nf3 Nc6 3.Bb5 a6 4.Ba4 Nf6 5.O-O Be7 6.Re1 b5 7.Bb3 O-O 8.h3 d6 9.c3
Nb8 10.d4 Nbd7 11.Nbd2 Bb7 12.Bc2 Re8 13.b4 Bf8 14.Bb2 g6 15.a4 Bg7 16.d5 Nb6
17.c4 Nxc4 18.Nxc4 bxc4 19.Nd2 Nh5 20.Nxc4 Bh6 21.Bd3 Bc8 22.Bf1 Rb8 23.Na5
Bd7 24.Bc3 Ra8 25.Bd2 Bxd2 26.Qxd2 Kg7 27.Rec1 f5 28.exf5 gxf5 29.Nb7 Qb8
30.Qg5+ Kh8 31.Qxh5 Qxb7 32.Qf7 Rad8 33.Qf6+ Kg8 34.Ra3 f4 35.Rcc3 {#r} 1-0

[Event "It (open)"]
[Site "masterchessopen.com Villa Ballester (Argentina)"]
[Round "3"]
[White "Costara Manuel (ARG)"]
[Black "Slipak Sergio (ARG)"]
[Result "0-1"]
[WhiteElo "1942"]
[BlackElo "2500"]

1.e4 e5 2.Nf3 Nc6 3.Bb5 a6 4.Ba4 Nf6 5.O-O Be7 6.Re1 b5 7.Bb3 d6 8.c3 O-O 9.h3
Nb8 10.d4 Nbd7 11.Nbd2 Bb7 12.Bc2 c5 13.d5 g6 14.Nf1 Nh5 15.Ne3 Kh8 16.b3 Ndf6
17.c4 Bc8 18.Kh2 Ne8 19.Bb2 Neg7 20.g4 Nf4 21.Ng1 Bh4 22.Rf1 f5 23.exf5 gxf5
24.f3 Qg5 25.Ng2 Nxg2 26.Kxg2 Nh5 27.Bc1 Nf4+ 28.Kh2 Qh6 29.Bd2 Bg5 30.Bxf4
Bxf4+ 31.Kg2 e4 {#R} 0-1

[Event "Ch Slovenia (team) (w)"]
[Site "masterchessopen.com Bled (Slovenia)"]
[Round "0"]
[White "Riznar Helena (SLO)"]
[Black "Krivec Jana (SLO)"]
[Result "0-1"]
[WhiteElo "2036"]
[BlackElo "2177"]

1.e4 e5 2.Nf3 Nc6 3.Bb5 a6 4.Ba4 Nf6 5.O-O Be7 6.Re1 b5 7.Bb3 d6 8.h3 O-O 9.c3
Nb8 10.d4 Nbd7 11.Nbd2 Bb7 12.a4 c5 13.d5 g6 14.c4 b4 15.Nf1 Nh5 16.Bh6 Ng7
17.Bc2 f5 18.Ne3 f4 19.Ng4 Bc8 20.a5 Nf6 21.Nxf6+ Bxf6 22.Ba4 Kh8 23.Kf1 Ra7
24.Bc6 Rg8 25.Ke2 Nh5 26.Kd3 Qe7 27.Qe2 Qf7 28.Rh1 g5 29.Nh2 Qg6 30.Ng4 Rf7
31.Qc2 f3 32.g3 Bd8 33.Rag1 Bxg4 34.hxg4 Nf6 35.Re1 Nxg4 {#R} 0-1

[Event "Memorial M.Najdorf (open)"]
[Site "masterchessopen.com Buenos Aires (Argentina)"]
[Round "2"]
[White "Konig Cesar (ARG)"]
[Black "Slipak Sergio (ARG)"]
[Result "0-1"]
[WhiteElo "2145"]
[BlackElo "2521"]

1.e4 e5 2.Nf3 Nc6 3.Bb5 a6 4.Ba4 Nf6 5.O-O Be7 6.Re1 b5 7.Bb3 d6 8.c3 O-O 9.h3
Nb8 10.d4 Nbd7 11.Nbd2 Bb7 12.Bc2 c5 13.d5 g6 14.Nf1 Nh5 15.a4 c4 16.Be3 Ng7
17.Qd2 f5 18.Bh6 fxe4 19.Bxe4 Nc5 20.Bc2 Qd7 21.axb5 axb5 22.Ng3 Na4 23.Be4
Bf6 24.Ra2 Nc5 25.Rxa8 Rxa8 26.Be3 Nxe4 27.Nxe4 Be7 28.Bg5 Ne8 29.Bxe7 Qxe7
30.Nxd6 Qxd6 31.Nxe5 Nf6 32.f4 Qxd5 33.Qxd5+ Nxd5 34.g3 Ra2 35.Re2 Nxc3 36.Rd2
Ra1+ {#R} 0-1

[Event "It (open)"]
[Site "masterchessopen.com Frohnleiten (Austria)"]
[Round "1"]
[White "Hatzl Stefan (AUT)"]
[Black "Jovanovic Sasa D (SRB)"]
[Result "0-1"]
[WhiteElo "2162"]
[BlackElo "2354"]

1.e4 e5 2.Nf3 Nc6 3.Bb5 a6 4.Ba4 Nf6 5.O-O Be7 6.Re1 b5 7.Bb3 d6 8.c3 O-O 9.h3
Nb8 10.d4 Nbd7 11.Nbd2 Bb7 12.Bc2 Re8 13.Nf1 Bf8 14.Ng3 g6 15.a4 c5 16.d5 c4
17.Nh2 Nc5 18.f3 Rb8 19.Ng4 Nxg4 20.hxg4 Be7 21.Qd2 Bh4 22.Kf2 Qb6 23.Qe3 Bg5
{#R} 0-1

[Event "It \"]
[Site "masterchessopen.com Jyvaskyla (Finland)"]
[Round "0"]
[White "Palmo Pentti (FIN)"]
[Black "Luukkonen Tommi (FIN)"]
[Result "0-1"]
[WhiteElo "2065"]
[BlackElo "2162"]

1.e4 e5 2.Nf3 Nc6 3.Bb5 a6 4.Ba4 Nf6 5.O-O Be7 6.Re1 b5 7.Bb3 d6 8.c3 O-O 9.h3
Nb8 10.d4 Nbd7 11.Nbd2 Bb7 12.Bc2 Re8 13.Nf1 Bf8 14.Ng3 g6 15.Nh2 Bg7 16.f4
exd4 17.cxd4 c5 18.d5 c4 19.Nf3 Nc5 20.Kh2 Qc7 21.Bd2 Re7 22.Bc3 Rae8 23.Bxf6
Bxf6 24.e5 Bg7 25.Ng5 Qd8 26.e6 fxe6 27.dxe6 Nxe6 28.Nxh7 Nxf4 29.Rxe7 Qxe7
30.Qg4 Qe5 31.Bxg6 Nxg6 32.Qxg6 Re6 33.Qc2 Rh6 34.Rf1 Rxh7 35.Qg6 Bd5 {#R} 0-1

[Event "Ch RLP (b)"]
[Site "masterchessopen.com Kettig (Germany)"]
[Round "5"]
[White "Schloetterer Hermann (GER)"]
[Black "Walter Berthold (GER)"]
[Result "0-1"]
[WhiteElo "1947"]
[BlackElo "2092"]

1.e4 e5 2.Nf3 Nc6 3.Bb5 a6 4.Ba4 Nf6 5.O-O Be7 6.Re1 b5 7.Bb3 d6 8.c3 O-O 9.h3
Nb8 10.d4 Nbd7 11.a4 Bb7 12.Nbd2 c5 13.d5 c4 14.Bc2 Nc5 15.axb5 axb5 16.Rxa8
Qxa8 17.Nf1 Re8 18.Ng3 g6 19.Be3 Qc8 20.Qd2 Qc7 21.Ra1 Ra8 22.Qd1 Na6 23.Ng5
h6 24.Nf3 Bf8 25.Nh4 Bg7 26.Kh1 Nd7 27.Qg4 Nf8 28.Qd1 Re8 29.Nf3 Bc8 30.Nh2
Nc5 31.Ra8 Bd7 32.Qa1 Rxa8 33.Qxa8 Nd3 34.Bb6 Qxb6 {#R} 0-1

[Event "Ch Spain (juniors) (under 16) (g)"]
[Site "masterchessopen.com Oropesa (Spain)"]
[Round "6"]
[White "Espinola Martin Maria Del C (ESP)"]
[Black "Vega Gutierrez Sabrina (ESP)"]
[Result "0-1"]
[WhiteElo "2040"]
[BlackElo "2228"]

1.e4 e5 2.Nf3 Nc6 3.Bb5 a6 4.Ba4 Nf6 5.O-O Be7 6.Re1 b5 7.Bb3 O-O 8.h3 d6 9.c3
Nb8 10.d4 Nbd7 11.Nbd2 Bb7 12.a4 c5 13.d5 c4 14.Bc2 g6 15.Qe2 Nh5 16.Nf1 Kh8
17.axb5 axb5 18.Rxa8 Bxa8 19.b3 cxb3 20.Bxb3 Qa5 21.Bd2 Ng7 22.Bc2 Rb8 23.Ne3
Nc5 24.Rb1 Nh5 25.g3 Nf6 26.Ng5 Kg7 27.c4 b4 28.Ng4 Nxg4 29.hxg4 Qa2 30.Qd1 b3
31.Qe1 Rb7 32.Ne6+ fxe6 33.Bh6+ Kf7 34.dxe6+ Kxe6 {#R} 0-1

[Event "Ch Poland (team) (2nd liga)"]
[Site "masterchessopen.com Polanica Zdroj (Poland)"]
[Round "2"]
[White "Sendera Jaroslaw (POL)"]
[Black "Ograbek Grzegorz (POL)"]
[Result "1-0"]
[WhiteElo "2334"]
[BlackElo "2245"]

1.e4 e5 2.Nf3 Nc6 3.Bb5 a6 4.Ba4 Nf6 5.O-O Be7 6.Re1 b5 7.Bb3 d6 8.c3 O-O 9.h3
Nb8 10.d4 Nbd7 11.Nbd2 Bb7 12.a4 c5 13.Bc2 Qc7 14.d5 c4 15.Nf1 Nc5 16.Ng3 g6
17.Bh6 Rfe8 18.Qd2 Rab8 19.Nf5 Bf8 20.Bxf8 Rxf8 {#r} 1-0

[Event "Ch Poland (team) (2nd liga)"]
[Site "masterchessopen.com Polanica Zdroj (Poland)"]
[Round "5"]
[White "Szczyrba Daniel (POL)"]
[Black "Janocha Wieslaw (POL)"]
[Result "1-0"]
[WhiteElo "2118"]
[BlackElo "2337"]

1.e4 e5 2.Nf3 Nc6 3.Bb5 a6 4.Ba4 Nf6 5.O-O Be7 6.Re1 b5 7.Bb3 d6 8.c3 O-O 9.h3
Nb8 10.d4 Nbd7 11.Nbd2 Bb7 12.Bc2 Re8 13.Nf1 Bf8 14.Ng3 g6 15.b3 d5 16.dxe5
Nxe4 17.Nxe4 dxe4 18.Ng5 Qc8 19.Bxe4 Bxe4 20.Rxe4 Bg7 {#r} 1-0

[Event "It (open)"]
[Site "masterchessopen.com Bethune (France)"]
[Round "7"]
[White "Pelle Guillaume (FRA)"]
[Black "Platel Alexandre (FRA)"]
[Result "1-0"]
[WhiteElo "2280"]
[BlackElo "2239"]

1.e4 e5 2.Nf3 Nc6 3.Bb5 a6 4.Ba4 Nf6 5.O-O b5 6.Bb3 Be7 7.Re1 O-O 8.c3 d6 9.h3
Nb8 10.d4 Nbd7 11.Nbd2 Bb7 12.Bc2 Re8 13.Nf1 Bf8 14.Ng3 g6 15.a4 Bg7 16.b3 c5
17.d5 Nb6 18.Bd3 b4 19.a5 Nbd7 20.cxb4 cxb4 21.Bd2 Qb8 22.Bc4 Bc8 23.Ra4 Nc5
24.Rxb4 Qc7 25.Bf1 Bd7 26.Rc4 Bb5 27.Rc2 Bxf1 28.Kxf1 Qb7 29.b4 {#r} 1-0